00370 a2200121 450000100060000004000220000624000280002824500260005665000370008294200070011995201050012699900170023166270 cAnchieta - Pituba10aAula da paixão 2010l10aAula da paixão 2010 4aLínguas espanhola e portuguesa cMX 00104070a91.1b91.1d2023-11-21l0o460 C695 AULp21051/PITr2023-11-21 18:34:31w2023-11-21yMX c66270d66270